| 000 | 00581cam a22001814a 4500 | ||
|---|---|---|---|
| 005 | 20250605164353.0 | ||
| 008 | 250528s ||||||||||||||||||||||||d | ||
| 035 | _a24152 | ||
| 040 |
_aGR-AtMCL _bgre _dGR-AtMCL _eAACR2 |
||
| 245 | 1 | _aInfineon's Wawer: The Future is All about Energy | |
| 260 |
_bEe Times Europe, _c2019 |
||
| 300 | _a67 | ||
| 520 | _aPower Conference to Turn Spotlight on WBG Semiconductors, AspenCore's Global Procurement Survey, Special Report: Reliability at Risk. | ||
| 700 | 1 |
_aOjo Bojaji _99415 |
|
| 942 | _cBK | ||
| 999 |
_c9049 _d9049 |
||